书目信息 |
| 题名: |
ARM嵌入式系统基础教程
|
|
| 作者: | 周立功 编著 | |
| 分册: | ||
| 出版信息: | 北京 北京航空航天大学出版社 2005 |
|
| 页数: | 453页 | |
| 开本: | 24cm | |
| 丛书名: | ||
| 单 册: | ||
| 中图分类: | TP332 | |
| 科图分类: | ||
| 主题词: | 微处理器--ARM--系统设计--高等学校--教材 | |
| 电子资源: | ||
| ISBN: | 7-81077-577-4 | |
| 000 | 00833nam0 2200217 450 | |
| 001 | 0150853440 | |
| 005 | 20060927161512.98 | |
| 010 | @a7-81077-577-4@dCNY 32.00 | |
| 100 | @a20050312d2005 km y0chiy0120 ea | |
| 101 | 0 | @achi |
| 102 | @aCN@b110000 | |
| 105 | @aa z 000yy | |
| 200 | 1 | @aARM嵌入式系统基础教程@AARM qian ru shi xi tong ji chu jiao cheng@f周立功等编著@Fzhou li gong deng bian zhu |
| 210 | @a北京@c北京航空航天大学出版社@d2005 | |
| 215 | @a453页@c图@d24cm | |
| 330 | @a本书是《ARM嵌入式系统系列教程》中的理论课教材,以PHILIPS公司LPC2000系列ARM微控制器为例。介绍了嵌入式系统工程设计,ARM7体系结构,ARM7TDMI指令系统,LPC2000系列ARM硬件结构等。 | |
| 606 | 0 | @a微处理器@xARM@x系统设计@x高等学校@x教材 |
| 690 | @aTP332@v4 | |
| 701 | 0 | @a周立功@Azhou li gong@4编著 |
| 801 | 0 | @aCN@c20060927 |
| 905 | @a10447@dTP332@eZ771 | |
| ARM嵌入式系统基础教程/周立功等编著.-北京:北京航空航天大学出版社,2005 |
| 453页:图;24cm |
| ISBN 7-81077-577-4:CNY 32.00 |
| 本书是《ARM嵌入式系统系列教程》中的理论课教材,以PHILIPS公司LPC2000系列ARM微控制器为例。介绍了嵌入式系统工程设计,ARM7体系结构,ARM7TDMI指令系统,LPC2000系列ARM硬件结构等。 |
| ● |
| 相关链接 |
|
|
|
正题名:ARM嵌入式系统基础教程
索取号:TP332/Z771
 
预约/预借
| 序号 | 登录号 | 条形码 | 馆藏地/架位号 | 状态 | 备注 |
| 1 | 221223 | 202212239 | 期刊室512/ [索取号:TP332/Z771] | 在馆 | |
| 2 | 221224 | 202212248 | 自科二线504/504自科库 18排2列5层/ [索取号:TP332/Z771] | 在馆 | |
| 3 | 221225 | 202212257 | 自科库301/ [索取号:TP332/Z771] | 在馆 | |
| 4 | 497894 | 204978943 | 自科二线504/504自科库 18排2列5层/ [索取号:TP332/Z771] | 在馆 | |
| 5 | 497895 | 204978952 | 自科二线504/504自科库 5排2列4层/ [索取号:TP332/Z771] | 在馆 |